1569 1798 1940 1477 1915 1169 1957 1155 1376 1245 1370 1541 1988 1755 1529 1230 1246 1279 1114 1785 1094 1029 1257 1779 1519 1890 1571 1717 1333 1042 1825 1962 1300 1257 1997 1444 1996 1142 1659 1887 1946 1066 1206 1076 1254 1403 1391 1149 1605 1106 1449 1693 1024 1698 1756 1861 1360 1218 1710 1107 1414 1042 1876 1497 1599 1081 1154 1493 1608 1863 1775 1065 1651 1702 1579 1324 1320 1799 1559 1676 1899 1206 1531 1232 1890 1503 1819 1800 1852 1829 1311 1424 1519 1827 1517 1236 1259 1469 1142 BCNSPRNW ULIB Ver.6.0+V

เปลี่ยนเป็นภาษาไทย

Change to English
 แสดงรายละเอียดบรรณานุกรม
  กลับหน้าหลัก

Brief Record : Get Marc (ISO 2709) : E-mail record : QR code < ปิดหน้าต่าง
LEADER : 00000nam 2200000uu 4500
001    13399124512
003     ULIB
008    150817s2556 th a 000 0 tha d
020    9789749804287
020    9789749804285
090    นว.^bล158ต ล.10
100    ล่อร่า อิงกัลล์ส์ ไวล์เดอร์;^eผู้แต่ง
245    ตามทางสู่เหย้า/^cล่อร่า อิงกัลล์ส์ ไวล์เดอร์. ; เขียน ,สุคนธรส. ; แปล
250    พิมพ์ครั้งที่ 10
260    กรุงเทพฯ :^bแพรวเยาวชน,^c2556
300    150 หน้า;^b18.5 ซม.
500    หนังสือชุดบ้านเล็ก
700    สุคนธรส ;^eแปล
945    ^p75^l0^i039781
999    ^aทศพร
รายการนี้ยังไม่มีแท็ก
คุณยังไม่ได้ล็อกอิน คุณสามารถมีกิจกรรมร่วมกับเว็บไซต์ได้ แต่ต้องล็อกอินก่อน ::
  ล็อกอิน

รายการสื่อสารสนเทศ

ลำดับที่ ประเภท เลขเรียก/บาร์โค้ด สถานที่ สถานะ
1. นวนิยาย
นวนิยาย
นว. ล158ต ล.10 ฉ.1 
  Barcode: 039781
ห้องสมุดวิทยาเขตสวรรค์ประชารักษ์
►นวนิยาย
บนชั้น
  ขอยืม

BibComment


ยังไม่เคยถูกคอมเมนท์

คอมเมนท์ทรัพยากรรายการนี้
  คอมเมนท์: ตามทางสู่เหย้า ล่..


 Copyright 2026. Bcnsprnw @Library